[Event "Wuerttemberg-ch U14"]
[Site "Lindau"]
[Date "2002.04.04"]
[Round "4"]
[White "Dogan, Caner"]
[Black "Prim, Markus"]
[Result "1-0"]
[WhiteElo "1213"]
[BlackElo "1076"]
[PlyCount "43"]
[EventDate "2002.04.??"]
[EventType "swiss"]
[EventRounds "7"]
[EventCountry "GER"]
[SourceTitle "EXT 2003"]
[Source "ChessBase"]
[SourceDate "2002.11.25"]
[SourceVersion "1"]
[SourceVersionDate "2002.11.25"]
[SourceQuality "1"]

1. e4 c5 2. Nf3 d6 3. Bc4 Bg4 4. h3 Bh5 5. d3 Nf6 6. Bg5 e5 7. Nc3 Nc6 8. Nd5 Be7 9. Bxf6 Bxf6 10. c3 0-0 11. 0-0 Rb8 12. b4 b5 13. Bb3 cxb4 14. Nxb4 Nxb4 15. cxb4 Qb6 16. a3 Bh4 17. g4 Bxg4 18. hxg4 Qd8 19. Qd2 h6 20. Qe3 Qf6 21. Nh2 Rfd8 22. Qxa7 1-0

[Event "Wuerttemberg-ch U14"]
[Site "Lindau"]
[Date "2002.04.04"]
[Round "5"]
[White "Geshnizjani, Ramin Tobias"]
[Black "Dogan, Caner"]
[Result "1-0"]
[WhiteElo "1343"]
[BlackElo "1213"]
[PlyCount "185"]
[EventDate "2002.04.??"]
[EventType "swiss"]
[EventRounds "7"]
[EventCountry "GER"]
[SourceTitle "EXT 2003"]
[Source "ChessBase"]
[SourceDate "2002.11.25"]
[SourceVersion "1"]
[SourceVersionDate "2002.11.25"]
[SourceQuality "1"]

1. Nf3 d5 2. g3 c5 3. Bg2 Nc6 4. 0-0 e5 5. d3 Nf6 6. Bg5 Be7 7. c4 dxc4 8. dxc4 Qxd1 9. Rxd1 0-0 10. Nc3 Bg4 11. h3 Bh5 12. g4 Bg6 13. Nd2 Rfe8 14. Bxf6 Bxf6 15. Nd5 Rad8 16. Nxf6+ gxf6 17. Ne4 Bxe4 18. Bxe4 Rd4 19. Bd5 Re7 20. e3 Rxd1+ 21. Rxd1 Nb4 22. a3 Nxd5 23. Rxd5 b6 24. f3 e4 25. f4 h6 26. Kf2 Kg7 27. Kg3 Rb7 28. b4 cxb4 29. axb4 Re7 30. c5 bxc5 31. Rxc5 Rb7 32. Rc4 Re7 33. f5 Re5 34. Kf4 a5 35. bxa5 Rxa5 36. Kxe4 Ra1 37. Kf3 Ra3 38. Rc2 Rb3 39. Re2 Ra3 40. Kf4 Rb3 41. Kg3 Rc3 42. Kg2 Rc5 43. e4 Re5 44. Kf3 Rc5 45. h4 Rb5 46. Re3 Rc5 47. Kf4 Rc4 48. Rg3 Rb4 49. g5 hxg5+ 50. hxg5 fxg5+ 51. Rxg5+ Kf6 52. Rh5 Ra4 53. Rh6+ Ke7 54. Rh3 Kf6 55. Rd3 Rb4 56. Rd6+ Ke7 57. Rh6 Ra4 58. Rh3 Kf6 59. Re3 Rb4 60. Rc3 Ra4 61. Rc6+ Ke7 62. Ke5 Ra5+ 63. Kd4 Ra4+ 64. Rc4 Rxc4+ 65. Kxc4 Kd6 66. Kd3 Ke5 67. Ke3 Kd6 68. Kd4 f6 69. Kd3 Kc5 70. Kc3 Kd6 71. Kd4 Ke7 72. Kc5 Kd7 73. Kd5 Ke7 74. Kc6 Ke8 75. Kd6 Kf7 76. Kd7 Kf8 77. Ke6 Kg7 78. Ke7 Kg8 79. Kxf6 Kf8 80. e5 Ke8 81. Kg7 Ke7 82. f6+ Ke6 83. f7 Kxe5 84. f8Q Ke6 85. Qf4 Kd5 86. Kf6 Kc5 87. Qd2 Kc4 88. Ke5 Kc5 89. Qc3+ Kb5 90. Kd6 Kb6 91. Qb4+ Ka6 92. Kc7 Ka7 93. Qa4# 1-0

[Event "Wuerttemberg-ch U14"]
[Site "Lindau"]
[Date "2002.04.03"]
[Round "3"]
[White "Klaiber, Markus"]
[Black "Dogan, Caner"]
[Result "1-0"]
[WhiteElo "1536"]
[BlackElo "1213"]
[PlyCount "59"]
[EventDate "2002.04.??"]
[EventType "swiss"]
[EventRounds "7"]
[EventCountry "GER"]
[SourceTitle "EXT 2003"]
[Source "ChessBase"]
[SourceDate "2002.11.25"]
[SourceVersion "1"]
[SourceVersionDate "2002.11.25"]
[SourceQuality "1"]

1. e4 c5 2. Nc3 Nc6 3. g3 d6 4. Bg2 Nf6 5. d3 e5 6. Bg5 Be7 7. Nge2 Bg4 8. 0-0 Qd7 9. Qd2 Bh3 10. Bxf6 Bxf6 11. Nd5 0-0-0 12. c3 Bxg2 13. Kxg2 h5 14. b4 b6 15. a4 h4 16. Rh1 h3+ 17. Kf1 Qg4 18. a5 Bg5 19. Qc2 Qf3 20. Rg1 b5 21. bxc5 dxc5 22. Rb1 a6 23. d4 exd4 24. cxd4 c4 25. Nb6+ Kb7 26. Nxc4 f6 27. d5 Ne5 28. Nxe5 fxe5 29. Qc6+ Kb8 30. Qxa6 1-0